000 00318nam a22001457a 4500
008 230124b ||||| |||| 00| 0 eng d
020 _a9780312590857
041 _aeng
080 _a615.83
082 _a615.83CAM
100 _a16.2
101 _aEGZF
245 _aMEDIA ESSENTIALS
_cCAMPBELL R
942 _2udc
_cBK
999 _c59271
_d59271